Normal view
MARC view
- Water Purification
Entry Topical Term
001 - CONTROL NUMBER
- control field: 5838
003 - CONTROL NUMBER IDENTIFIER
- control field: NUST
005 - DATE AND TIME OF LATEST TRANSACTION
- control field: 20171102104248.0
008 - FIXED-LENGTH DATA ELEMENTS
- fixed length control field: 171102|| aca||aabn | a|a d
040 ## - CATALOGING SOURCE
- Original cataloging agency: NUST
- Transcribing agency: NUST
150 ## - HEADING--TOPICAL TERM
- Topical term or geographic name entry element: Water Purification
- General subdivision: methods.
670 ## - SOURCE DATA FOUND
- Source citation: Work cat.: (NUST)0: Bitton, Gabriel. 5831, Wastewater microbiology /, c2005.
